| 000 | 00000nam##2200000za#4500 |
| 001 | 9.615900 |
| 003 | CaOODSP |
| 005 | 20211126112847 |
| 007 | ta |
| 008 | 150406|2002||||xxc||||| f|0| 0 eng|d |
| 020 | |a0-662-31657-6 |
| 022 | |a1192-5434 |
| 040 | |aCaOODSP|beng |
| 043 | |an-cn--- |
| 086 | 1 |aFB3-2/102-2E |
| 110 | 2 |aBank of Canada. |
| 245 | 10|aAsset allocation using extreme value theory / |cby Younes Bensalah. |
| 260 | |aOttawa - Ontario : |bBank of Canada |c2002. |
| 300 | |av, 20p. : |bgraphs, tables ; |c28 cm. |
| 490 | 1 |aWorking paper|x1192-5434|v2002-2 |
| 500 | |a"This paper examines asset allocation strategies in an extreme value at risk (VaR) framework in which the risk measure is the p-quantile from the extreme value distribution. The main focus is on the allocation problem faced by an extremely risk-averse institution, such as a central bank. The optimal portfolio in terms of excess return over the risk-free rate per unit of risk is also described."--Abstract. |
| 504 | |aBibliography. |
| 520 | 3 |aThis paper examines asset allocation strategies in an extreme value at risk (VaR) framework in which the risk measure is the p-quantile from the extreme value distribution. The main focus is on the allocation problem faced by an extremely risk-averse institution, such as a central bank. The optimal portfolio in terms of excess return over the risk-free rate per unit of risk is also described.--Abstract |
| 546 | |aRésumés en français |
| 563 | |aSoftcover |
| 590 | |a02-05|b2002-02-01 |
| 690 | 07|aProperty management|2gcpds |
| 690 | 07|aRisk management|2gcpds |
| 690 | 07|aStock markets|2gcpds |
| 720 | 1 |aBensalah, Younes |
| 776 | 0#|tAsset allocation using extreme value theory / |w(CaOODSP)9.571611 |
| 830 | #0|aWorking paper,|x1192-5434|v2002-2|w(CaOODSP)9.514622 |